Retorica e logica. Le due culture.
保存先:
| 第一著者: | |
|---|---|
| フォーマット: | 図書 |
| 出版事項: |
Torino, Italia:
Einaudi,
1974.
|
| 版: | 3a.ed. |
| シリーズ: | Nuovo Politecnico,
17. |
| 主題: | |
| タグ: |
タグ追加
タグなし, このレコードへの初めてのタグを付けませんか!
|
MARC
| LEADER | 00000nam a22000007a 4500 | ||
|---|---|---|---|
| 003 | CL-VaPUC | ||
| 005 | 20220822114510.0 | ||
| 008 | 220620b1974 ||||| |||| 00| 0 eng d | ||
| 999 | |c 436113 |d 436111 | ||
| 040 | |c Pontificia Universidad Católica de Valparaíso | ||
| 082 | 7 | |a 501 PRE 1974 |2 22 | |
| 100 | 1 | |a Preti, Giulio |e autore |9 870927 | |
| 245 | |a Retorica e logica. |b Le due culture. | ||
| 250 | |a 3a.ed. | ||
| 260 | |a Torino, Italia: |b Einaudi, |c 1974. | ||
| 300 | |a 242 páginas | ||
| 490 | |a Nuovo Politecnico, |v 17. | ||
| 500 | |a c.1 Donación Familia Prof. Alejandro Guzmán Brito. | ||
| 583 | |c 20220620 |k Cristina María Rojas Aguilar | ||
| 650 | |a Cultura científica |9 707455 | ||
| 650 | |a Cultura humanista |9 871030 | ||
| 942 | |2 ddc |c BK |n 0 | ||
| 952 | |0 0 |1 0 |2 ddc |4 0 |6 501_000000000000000_PRE_1974 |7 0 |8 C_AGB |9 583844 |a BIBDER |b BIBDER |d 2022-06-20 |e Donación |i 5651965 |o 501 PRE 1974 |p 5651965 |r 2023-01-25 |t 1 |w 2022-06-20 |y BK_US |k AGB | ||